Loading...
Current Events | 5 | 8.00 | 60% | 20% | 0% |
Fine Arts - Classical Music | 2 | 10.00 | 100% | 0% | 0% |
Fine Arts - Other Fine Arts | 6 | 8.33 | 67% | 17% | 0% |
Fine Arts - Painting and Sculpture | 4 | 20.00 | 75% | 100% | 25% |
History - American History | 6 | 16.67 | 100% | 67% | 0% |
History - European History | 5 | 10.00 | 100% | 0% | 0% |
History - Other History | 3 | 16.67 | 100% | 33% | 33% |
History - World History | 6 | 11.67 | 100% | 17% | 0% |
Literature - Drama | 4 | 12.50 | 100% | 25% | 0% |
Literature - Long Fiction | 6 | 16.67 | 100% | 67% | 0% |
Literature - Misc Literature | 2 | 20.00 | 100% | 50% | 50% |
Literature - Poetry | 3 | 23.33 | 100% | 100% | 33% |
Literature - Short Fiction | 4 | 15.00 | 100% | 25% | 25% |
Mythology | 5 | 16.00 | 100% | 60% | 0% |
Other Academic | 4 | 12.50 | 75% | 50% | 0% |
Philosophy | 2 | 10.00 | 100% | 0% | 0% |
Religion | 4 | 17.50 | 100% | 25% | 50% |
Science - Biology | 6 | 10.00 | 83% | 17% | 0% |
Science - Chemistry | 4 | 20.00 | 100% | 75% | 25% |
Science - Other Science | 3 | 13.33 | 100% | 33% | 0% |
Science - Physics | 4 | 10.00 | 100% | 0% | 0% |
Social Science | 4 | 12.50 | 75% | 50% | 0% |